Normal view
MARC view
- Civilization
Entry Topical Term
001 - CONTROL NUMBER
- control field: 134414
003 - CONTROL NUMBER IDENTIFIER
- control field: NUST
005 - DATE AND TIME OF LATEST TRANSACTION
- control field: 20260512120459.0
008 - FIXED-LENGTH DATA ELEMENTS
- fixed length control field: 260512|| aca||aabn | a|a d
040 ## - CATALOGING SOURCE
- Original cataloging agency: NUST
- Transcribing agency: NUST
150 ## - HEADING--TOPICAL TERM
- Topical term or geographic name entry element: Civilization
- Form subdivision: Early works to 1800
670 ## - SOURCE DATA FOUND
- Source citation: Work cat.: (NUST): Khaldun, Ibn 1332-1406. 134412, The Muqaddimah:, 2005.
